| 000 | 01077nam a22002777a 4500 | ||
|---|---|---|---|
| 999 |
_c63268 _d63268 |
||
| 005 | 20240530110632.0 | ||
| 008 | 170711b2014 ua b g 000 0 ara d | ||
| 017 |
_a2011/16127 _bمصر . دار الكتب المصرية |
||
| 020 | _a9789777047458 | ||
| 040 | _aEG-CaGPL | ||
| 082 | 0 | 4 |
_221 _a953 _bج أ |
| 100 | 1 |
_aجلوب ، جون _eمؤلف |
|
| 245 | 1 |
_aامبراطورية العرب _cتأليف جون جلوب ترجمة عادل حامد محمد |
|
| 250 | _aط 1 | ||
| 260 |
_aالقاهرة : _bالمركز القومي للترجمة / _c2014 . |
||
| 300 |
_a548 ص : _c24 سم |
||
| 490 |
_aالمركز القومي للترجمة _v1899 |
||
| 504 | _aيشتمل علي ارجاعات بيبلوجرافية | ||
| 650 | 0 | _aالعالم العربي | |
| 650 | 0 |
_aالعالم العربي _xتاريخ |
|
| 650 | 0 | _aالتاريخ الاسلامي | |
| 650 | 0 |
_aالعالم العربي _xتاريخ _yالعصر الاموي |
|
| 700 | 0 |
_aعادل حامد حامد _eمترجم |
|
| 942 |
_2ddc _cBK |
||